00588nam a2200169Ia 4500008004100000020001500041041001200056082001600068100001900084245006200103260002800165300000800193650001200201942000700213999001500220952018300235221030s9999 xx 000 0 und d a8172242875 aEnglish a105.23bCha aN. C. Chaudhri 4aThe Autobiography of an Unknown Indiancby N. C. Chaudhri bJaico Pub,aDelhic2000 a610 aGeneral cBK c1202d1202 pBE 3729g195.00l1o105.23 Char2024-06-13 00:00:00s2023-10-27w2022-10-30yBK003Print4070aMIETLIBbMIETLIBcBL-Academic Block A, FL-1, CUP-21, SH-4, R-4d2001-04-2110HBE